[Event "2nd Bundesliga Sud 24-25"]
[Site "Germany GER"]
[Date "2025.02.22"]
[Round "8.4"]
[White "Medvegy, Z."]
[Black "Sumets, A."]
[Result "1-0"]
[WhiteElo "2519"]
[BlackElo "2504"]
[PlyCount "100"]
[EventDate "2024.10.10"]
[EventType "team"]
[EventRounds "11"]
[EventCountry "GER"]
[WhiteTeam "SC Eppingen"]
[BlackTeam "SV 1920 Hofheim"]

1. Nf3 d5 2. g3 Nc6 3. d4 Nf6 4. Bg2 e6 5. O-O Bd6 6. c4 O-O 7. b3 Ne4 ({RR} 7... dxc4 8. bxc4 e5 9. e3 Bg4 10. h3 Bh5 11. g4 Bg6 12. Bb2 exd4 13. exd4 Re8 14. Nc3 Ne4 15. Re1 Bb4 16. Rc1 Nxc3 17. Rxe8+ Qxe8 18. Bxc3 Bxc3 19. Rxc3 Rd8 20. Re3 Qf8 21. d5 Na5 22. Qe2 {Sevian,S (2690)-Bluebaum,M (2672) chess.com INT 2023 ½-½ (75)}) ({RR} 7... b6 8. Bg5 h6 9. Bxf6 Qxf6 10. Nc3 dxc4 11. Ne5 Bxe5 12. dxe5 Qxe5 13. Bxc6 Rb8 14. Qc2 Qc5 15. Bf3 cxb3 16. Qxb3 Bb7 17. Bxb7 Rxb7 18. Rfd1 Qe7 19. Rd2 c5 20. a4 Rd8 21. Rad1 Rbd7 22. Rxd7 {Aamodt,P (2242)-Berget,E (2041) Fagernes NOR 2025 1-0 (42)}) 8. Bb2 a5 9. Nc3 Nxc3 $146 ({RR} 9... f5 10. Rc1 Be7 11. e3 Bf6 12. Qe2 b6 13. Nxe4 dxe4 14. Ne1 a4 15. f3 axb3 16. fxe4 fxe4 17. Bxe4 Bb7 18. axb3 Nxd4 19. exd4 Bxd4+ 20. Kg2 Bxe4+ 21. Qxe4 Bxb2 22. Rxf8+ Qxf8 23. Rc2 Bf6 24. Qxe6+ {Skatchkov,V (2211)-Zakhartsov,V (2507) Voronezh RUS 2024 ½-½ (41)}) ({RR} 9... f5 10. Rc1 Be7 11. e3 Bf6 12. Qe2 b6 13. Nxe4 dxe4 14. Ne1 a4 15. f3 axb3 16. fxe4 fxe4 17. Bxe4 Bb7 18. axb3 Nxd4 19. exd4 Bxd4+ 20. Kg2 Bxe4+ 21. Qxe4 Bxb2 22. Rxf8+ Qxf8 23. Rc2 Bf6 24. Qxe6+ {Skatchkov,V (2211)-Zakhartsov,V (2507) Voronezh RUS 2024 ½-½ (41)}) 10. Bxc3 b6 11. Nd2 Bb4 12. Qc1 Bb7 13. a3 Be7 14. Qb2 Nb8 15. e4 c6 16. Rfe1 Na6 17. b4 axb4 18. axb4 Nc7 19. b5 cxb5 20. exd5 Rxa1 21. Rxa1 exd5 22. cxd5 Qd7 23. Bf1 Ra8 24. Rxa8+ Nxa8 25. Qa2 Qc8 26. Nb1 Bd8 27. Qa7 g6 28. Bd2 Bc7 29. Bh3 Qb8 30. Qxb8+ Bxb8 31. Bb4 f5 32. g4 fxg4 33. Bxg4 Kf7 34. Nc3 Bf4 35. Ne2 Bg5 36. Bd6 Bd8 37. f4 Nc7 38. Bd7 Ne6 39. Kf2 Be7 40. Be5 Bb4 41. f5 gxf5 42. Nf4 Nxf4 43. Bxf4 Kf6 44. Bc7 Ba5 45. Bd8+ Kg6 46. Kf3 h6 47. h3 Bb4 48. Bxb6 Bd6 49. Bc6 Bc8 50. Ba7 f4 1-0

[Event "Titled Tue 18th Mar Early"]
[Site "chess.com INT"]
[Date "2025.03.18"]
[Round "3"]
[White "Keymer, Vincent"]
[Black "Quesada Perez, Yu"]
[Result "1-0"]
[WhiteElo "2719"]
[BlackElo "2591"]
[PlyCount "77"]
[EventDate "2025.03.18"]

1. Nf3 d5 2. e3 Nf6 3. c4 c6 4. Nc3 e6 5. b3 Bd6 6. Bb2 O-O 7. Be2 e5 8. cxd5 cxd5 9. Nb5 Nc6 10. Nxd6 Qxd6 11. d4 e4 12. Ne5 Nd7 13. Nxc6 bxc6 14. Qd2 ({RR} 14. O-O Re8 15. Rc1 a5 16. Rc3 Re6 17. f4 exf3 18. Bxf3 Nf6 19. Qc1 a4 20. Ba3 Qd7 21. Rf2 axb3 22. Rxb3 Ba6 23. Rfb2 Ree8 24. Bc5 Bc4 25. Ra3 Rxa3 26. Bxa3 h5 27. Bb4 Ra8 28. a3 Qf5 {Nepomniachtchi,I (2784)-Giri,A (2764) chess24.com INT 2020 ½-½ (65)}) ({RR} 14. Qc1 Re8 15. Ba3 Qg6 16. O-O a5 17. Kh1 Ba6 18. Bxa6 Rxa6 19. f4 exf3 20. gxf3 Qd3 21. Re1 h5 22. Bd6 Re6 23. Bf4 c5 24. Qb2 Qf5 25. Rad1 g5 26. Rg1 f6 27. dxc5 Rac6 28. Qg2 Kf7 {Le,Q (2729)-Samunenkov,I (2572) chess.com INT 2025 1-0 (34)}) 14... Re8 15. a4 $146 ({RR} 15. Qa5 Qg6 16. O-O Nf8 17. Rfc1 Bh3 18. Bf1 Bd7 19. Qc7 Rec8 20. Qg3 Qxg3 21. hxg3 a5 22. Ba3 h5 23. Be2 g6 24. f3 Re8 25. Kf2 Kg7 26. Rc3 Ne6 27. Bd6 f6 28. a4 Nd8 29. Rb1 Nf7 {Leisch,L (2394)-Basso,P (2570) Bojnice 2020 ½-½ (75)}) ({RR} 15. Qa5 Qg6 16. O-O Nf8 17. Rfc1 Bh3 18. Bf1 Bd7 19. Qc7 Rec8 20. Qg3 Qxg3 21. hxg3 a5 22. Ba3 h5 23. Be2 g6 24. f3 Re8 25. Kf2 Kg7 26. Rc3 Ne6 27. Bd6 f6 28. a4 Nd8 29. Rb1 Nf7 {Leisch,L (2394)-Basso,P (2570) Bojnice 2020 ½-½ (75)}) 15... Re6 16. Ba3 Qb8 17. O-O Rh6 18. h3 Nf6 19. Qb4 Qxb4 20. Bxb4 Nd7 21. Ba5 f5 22. Rfc1 Kf7 23. b4 a6 24. Bd8 Re6 25. b5 axb5 26. axb5 Rxa1 27. Rxa1 cxb5 28. Bxb5 Nf6 29. Ra8 Bd7 30. Ra7 Ke8 31. Bxf6 Bxb5 32. Bxg7 Ra6 33. Rb7 Be2 34. Kh2 h5 35. Be5 Rg6 36. Rh7 Bf1 37. Bg3 Be2 38. h4 Rg4 39. Rxh5 1-0

[Event "Titled Tue 18th Mar Late"]
[Site "chess.com INT"]
[Date "2025.03.18"]
[Round "2"]
[White "Moussard, J."]
[Black "Tregubov, P."]
[Result "1-0"]
[WhiteElo "2592"]
[BlackElo "2555"]
[PlyCount "79"]
[EventDate "2025.03.18"]

1. Nf3 d5 2. b3 Nf6 3. Bb2 g6 4. g3 Bg7 5. Bg2 O-O 6. O-O c5 7. e3 Nc6 8. Ne5 Bd7 ({RR} 8... Nxe5 9. Bxe5 Bg4 10. Qc1 Qd7 11. d3 Qf5 12. Bb2 Bh3 13. Nd2 Bxg2 14. Kxg2 Rfd8 15. Qd1 Rac8 16. Qe2 Qe6 17. Rfe1 b5 18. a4 c4 19. Bd4 a6 20. axb5 axb5 21. Nf3 Nd7 22. Ra5 cxb3 23. cxb3 {Carlsen,M (2868)-Radjabov,T (2745) Stavanger 2013 0-1 (61)}) 9. d3 ({RR} 9. c4 d4 10. exd4 cxd4 11. Nxd7 Nxd7 12. d3 Nc5 13. Re1 a5 14. Na3 Nb4 15. Bf1 a4 16. Nc2 Nxc2 17. Qxc2 Qb6 18. Reb1 a3 19. Bc1 Na6 20. Bd2 Nb4 21. Bxb4 Qxb4 22. Re1 e6 23. Bg2 Rab8 {Assylov,M (2274)-Theodorou,N (2611) chess.com INT 2025 0-1 (33)}) 9... Rc8 10. Nd2 d4 $146 ({RR} 10... Be8 11. c4 Nxe5 12. Bxe5 Bc6 13. Qe2 Qd7 14. Rfd1 Rfd8 15. d4 dxc4 16. Bxc6 Qxc6 17. Nxc4 Ne4 18. Qf3 cxd4 19. exd4 Ng5 20. Qxc6 Rxc6 21. Kg2 b5 22. Ne3 Ne4 23. Bxg7 Kxg7 24. d5 Rc7 25. Rac1 {Triapishko,A (2506)-Oparin,G (2652) Chess.com INT 2020 ½-½ (47)}) ({RR} 10... Be8 11. c4 Nxe5 12. Bxe5 Bc6 13. Qe2 Qd7 14. Rfd1 Rfd8 15. d4 dxc4 16. Bxc6 Qxc6 17. Nxc4 Ne4 18. Qf3 cxd4 19. exd4 Ng5 20. Qxc6 Rxc6 21. Kg2 b5 22. Ne3 Ne4 23. Bxg7 Kxg7 24. d5 Rc7 25. Rac1 {Triapishko,A (2506)-Oparin,G (2652) Chess.com INT 2020 ½-½ (47)}) 11. Nxc6 Bxc6 12. e4 b5 13. a4 bxa4 14. bxa4 Nd7 15. a5 Rb8 16. Bc1 Bb5 17. f4 Qc7 18. e5 Rfd8 19. Ne4 c4 20. Ba3 Nf8 21. Qd2 Ne6 22. f5 gxf5 23. Rxf5 Rdc8 24. Qf2 cxd3 25. cxd3 Bxd3 26. Rxf7 Rf8 27. Rxf8+ Rxf8 28. Qa2 Bc4 29. Qd2 Qxe5 30. Bxe7 d3 31. Re1 Qd4+ 32. Kh1 Re8 33. Bb4 Rd8 34. Bc3 Qd7 35. Nf6+ Bxf6 36. Bxf6 Rf8 37. Bb2 Qf7 38. Qc3 Ng7 39. Rf1 Qxf1+ 40. Bxf1 1-0

[Event "American Cup Champ"]
[Site "Saint Louis USA"]
[Date "2025.03.16"]
[Round "1.6"]
[White "Nakamura, Hi"]
[Black "Mishra, Abhimanyu"]
[Result "1-0"]
[WhiteElo "2802"]
[BlackElo "2600"]
[PlyCount "99"]
[EventDate "2025.03.15"]
[EventType "k.o."]

1. Nf3 Nf6 2. g3 d5 3. Bg2 e6 4. O-O Be7 5. b3 O-O 6. Bb2 c5 7. e3 Nc6 8. Qe2 b6 9. c4 Bb7 10. Rd1 dxc4 11. bxc4 Qc7 12. d3 Rfd8 ({RR} 12... Rad8 13. Nbd2 Rd7 14. Ne1 Rfd8 15. f4 Ne8 16. Ne4 f5 17. Nc3 Bf6 18. a3 {½-½ (18) Dunnington,A (2259)-Xu,Y (2238) Marianske Lazne CZE 2025}) 13. Nc3 a6 14. Rab1 Rab8 15. Ne1 $146 ({RR} 15. a3 Na5 16. Ba1 Bc6 {½-½ (16) Andersson,U-Parma,B Dortmund 1973}) ({RR} 15. Ba1 Na5 16. Ne1 Ne8 17. f4 Nd6 18. a4 Bxg2 19. Qxg2 Nc6 20. g4 Na7 21. e4 b5 22. axb5 axb5 23. e5 Ne8 24. Ne4 bxc4 25. dxc4 Rxb1 26. Rxb1 Nc6 27. Qe2 Nd4 28. Bxd4 Rxd4 29. Nf3 Rd7 {Novkovic,M (2396)-Ribli,Z (2553) Austria 2010 ½-½}) 15... Nb4 16. a3 Bxg2 17. Nxg2 Nc6 18. Ba1 Rb7 19. f4 Rdb8 20. a4 Nb4 21. g4 Qc6 22. g5 Ne8 23. Rd2 Rd8 24. Ne1 Rbd7 25. Rbd1 Nd6 26. Nf3 f6 27. e4 Nf7 28. h4 Rd6 29. gxf6 gxf6 30. Kh2 Kf8 31. e5 R6d7 32. d4 f5 33. d5 Qc8 34. d6 Nh6 35. dxe7+ Kxe7 36. Rd6 Nf7 37. Rxd7+ Rxd7 38. Bb2 Nh6 39. Bc1 Ng4+ 40. Kg1 h6 41. Rxd7+ Qxd7 42. Qd2 Nd3 43. Nd5+ exd5 44. Qxd3 dxc4 45. Qxd7+ Kxd7 46. Ba3 Ne3 47. a5 Nc2 48. axb6 Nxa3 49. e6+ Kd6 50. b7 1-0

[Event "Titled Tue 11th Mar Early"]
[Site "chess.com INT"]
[Date "2025.03.11"]
[Round "3"]
[White "Pultinevicius, Paulius"]
[Black "Bok, B."]
[Result "1-0"]
[WhiteElo "2563"]
[BlackElo "2592"]
[PlyCount "83"]
[EventDate "2025.03.11"]

1. Nf3 d5 2. h3 Nf6 3. b4 ({RR} 3. e3 e6 4. c4 Bd6 5. b3 O-O 6. Bb2 c5 7. cxd5 exd5 8. d4 Nc6 9. Nbd2 cxd4 10. Nxd4 Nxd4 11. Bxd4 Qe7 12. Bd3 Be5 13. Nf3 Bxd4 14. Nxd4 Bd7 15. O-O Rac8 16. Qd2 Rc7 17. Rac1 Rfc8 {Nakamura,H (2788)-Bluebaum,M (2658) chess.com INT 2024 ½-½ (115)}) ({RR} 3. a3 g6 4. b4 Bg7 5. Bb2 O-O 6. d3 Re8 7. Nbd2 Nbd7 8. c4 c6 9. e4 e5 10. Qc2 b6 11. g3 Bb7 12. Bg2 Rc8 13. O-O Qe7 14. exd5 cxd5 15. Rfe1 e4 16. dxe4 dxe4 17. Ng5 Ne5 {Pultinevicius,P (2563)-Banusz,T (2580) chess.com INT 2025 1-0 (39)}) 3... Bf5 $146 ({RR} 3... e6 4. a3 c5 5. c3 Nbd7 6. d3 Bd6 7. Nbd2 b6 8. g4 Bb7 9. Rg1 e5 10. Nh4 g6 11. Ng2 Qe7 12. Bb2 O-O 13. e3 b5 14. bxc5 Nxc5 15. d4 Na4 16. Qb3 Rab8 17. Qxb5 Bc6 18. Qxc6 {Belezky,A (2335)-Marzano,C (2117) Bad Woerishofen GER 2023 1-0 (41)}) ({RR} 3... e6 4. a3 c5 5. c3 Nbd7 6. d3 Bd6 7. Nbd2 b6 8. g4 Bb7 9. Rg1 e5 10. Nh4 g6 11. Ng2 Qe7 12. Bb2 O-O 13. e3 b5 14. bxc5 Nxc5 15. d4 Na4 16. Qb3 Rab8 17. Qxb5 Bc6 18. Qxc6 {Belezky,A (2335)-Marzano,C (2117) Bad Woerishofen GER 2023 1-0 (41)}) 4. g4 Bg6 5. Ne5 e6 6. h4 Bd6 7. d4 Bxe5 8. dxe5 Nxg4 9. h5 Bf5 10. Bf4 Nd7 11. Qd4 c5 12. bxc5 Qa5+ 13. Nd2 Qxc5 14. Qxc5 Nxc5 15. f3 Nh6 16. c4 Ng8 17. cxd5 exd5 18. Be3 b6 19. Rg1 g6 20. Bd4 Ne7 21. e6 Rg8 22. exf7+ Kxf7 23. hxg6+ hxg6 24. Nb3 Nxb3 25. axb3 Nc6 26. Bb2 d4 27. Rc1 Rac8 28. f4 Be6 29. Rh1 Bxb3 30. Bg2 Nb4 31. Rh7+ Ke6 32. Rxc8 Rxc8 33. Rxa7 Bd5 34. Bh3+ Kd6 35. Bxc8 Nc6 36. Rd7+ Kc5 37. Ba3+ Kc4 38. Ba6+ b5 39. Bxb5+ Kxb5 40. Rxd5+ Ka4 41. Rd6 Na5 42. Bc5 1-0

[Event "Titled Tue 11th Mar Early"]
[Site "chess.com INT"]
[Date "2025.03.11"]
[Round "3"]
[White "Firouzja, Alireza"]
[Black "Gavrilescu, David"]
[Result "1-0"]
[WhiteElo "2757"]
[BlackElo "2549"]
[PlyCount "75"]
[EventDate "2025.03.11"]

1. Nf3 d5 2. e3 ({RR} 2. b3 Nf6 3. Bb2 e6 {½-½ (7) Jovanovic,D (2419)-Csonka,B (2476) Bajina Basta 2019}) 2... Nf6 3. b3 e6 4. Bb2 Be7 5. g3 O-O 6. Bg2 c5 ({RR} 6... Nfd7 7. O-O Bf6 8. d4 c5 9. c4 Nc6 10. Nc3 cxd4 11. Nxd4 Nxd4 12. exd4 dxc4 13. bxc4 Nb6 14. Ne4 Nxc4 15. Nxf6+ Qxf6 16. Bc3 Rb8 17. Qb3 b5 18. d5 Qh6 19. Bb4 Rd8 20. Rad1 exd5 21. Bxd5 {Ajay,K (2386)-Salimova,A (2050) chess.com INT 2025 0-1 (35)}) 7. O-O b6 ({RR} 7... Nc6 8. d3 b6 9. Nbd2 Bb7 10. Re1 Nd7 11. e4 d4 12. h4 b5 13. a3 Rc8 14. Qe2 Qc7 15. Bc1 Nb6 16. Ng5 h6 17. Nh3 c4 18. bxc4 bxc4 19. Nf4 Ne5 20. Nf3 cxd3 21. cxd3 Nxf3+ 22. Qxf3 {Radjabov,T (2765)-So,W (2770) chess24.com INT 2020 ½-½ (34)}) 8. d4 $146 Bb7 9. Nbd2 Nc6 10. dxc5 Bxc5 11. c4 dxc4 12. Nxc4 Qe7 13. a3 a5 14. Qe2 Rfd8 15. Rfc1 Rac8 16. h3 h6 17. Ne1 b5 18. Nd2 Ba7 19. Ne4 Nxe4 20. Bxe4 Nb8 21. Bxb7 Qxb7 22. Qg4 f5 23. Qh5 Nd7 24. Rxc8 Rxc8 25. Rd1 Nf8 26. Nf3 Rc2 27. Bd4 Bxd4 28. Nxd4 Rc8 29. Qe2 b4 30. axb4 Qxb4 31. Qa6 Rd8 32. Ra1 e5 33. Nxf5 Qxb3 34. Qxa5 Rd1+ 35. Rxd1 Qxd1+ 36. Kg2 Ng6 37. Qb5 Kh7 38. Qb7 1-0

[Event "Titled Tue 11th Mar Early"]
[Site "chess.com INT"]
[Date "2025.03.11"]
[Round "6"]
[White "Pultinevicius, Paulius"]
[Black "Banusz, T."]
[Result "1-0"]
[WhiteElo "2563"]
[BlackElo "2580"]
[PlyCount "77"]
[EventDate "2025.03.11"]

1. Nf3 d5 2. h3 Nf6 3. a3 $146 ({RR} 3. c4 d4 4. d3 c5 5. g4 Nc6 6. Bg2 Nd7 7. Nbd2 g6 8. Ne4 Bg7 9. Bd2 O-O 10. Qc1 Re8 11. Bh6 Bh8 12. O-O Qc7 13. Nfg5 Nf6 14. Ng3 Rb8 15. N5e4 Nxe4 16. Nxe4 Nd8 17. Bf4 e5 {Delebarre,X (2265)-Trommsdorf,F (2120) Paris 1991 1-0 (48)}) ({RR} 3. e3 e6 4. c4 Bd6 5. b3 O-O 6. Bb2 c5 7. cxd5 exd5 8. d4 Nc6 9. Nbd2 cxd4 10. Nxd4 Nxd4 11. Bxd4 Qe7 12. Bd3 Be5 13. Nf3 Bxd4 14. Nxd4 Bd7 15. O-O Rac8 16. Qd2 Rc7 17. Rac1 Rfc8 {Nakamura,H (2788)-Bluebaum,M (2658) chess.com INT 2024 ½-½ (115)}) ({RR} 3. b4 Bf5 4. g4 Bg6 5. Ne5 e6 6. h4 Bd6 7. d4 Bxe5 8. dxe5 Nxg4 9. h5 Bf5 10. Bf4 Nd7 11. Qd4 c5 12. bxc5 Qa5+ 13. Nd2 Qxc5 14. Qxc5 Nxc5 15. f3 Nh6 16. c4 Ng8 17. cxd5 exd5 {Pultinevicius,P (2563)-Bok,B (2592) chess.com INT 2025 1-0 (42)}) ({RR} 3. b3 c5 4. e3 Nc6 5. Bb2 e6 6. Be2 Bd6 7. d4 cxd4 8. Nxd4 Nxd4 9. Bxd4 e5 10. Bb2 O-O 11. Nd2 Re8 12. O-O Qe7 13. c4 Be6 14. cxd5 Bxd5 15. Bc4 Bc6 16. Qe2 Rad8 17. Bb5 Bb4 {Pulpan,J (2406)-Arencibia,A (2122) chess.com INT 2023 ½-½ (97)}) 3... g6 4. b4 Bg7 5. Bb2 O-O 6. d3 Re8 7. Nbd2 Nbd7 8. c4 c6 9. e4 e5 10. Qc2 b6 11. g3 Bb7 12. Bg2 Rc8 13. O-O Qe7 14. exd5 cxd5 15. Rfe1 e4 16. dxe4 dxe4 17. Ng5 Ne5 18. Ngxe4 Nxe4 19. Bxe4 Bxe4 20. Rxe4 Qd7 21. Rae1 f6 22. Bxe5 fxe5 23. h4 Rf8 24. Nf1 Rcd8 25. Ne3 Qh3 26. Nd5 Rf3 27. R1e3 Rf7 28. Qe2 Rdf8 29. f4 h6 30. c5 bxc5 31. bxc5 g5 32. g4 Qxh4 33. f5 h5 34. gxh5 g4 35. Rxg4 Qd8 36. Qg2 Kh8 37. Reg3 Bh6 38. f6 Qxd5 39. Qxd5 1-0

[Event "Titled Tue 11th Mar Early"]
[Site "chess.com INT"]
[Date "2025.03.11"]
[Round "8"]
[White "Svane, R."]
[Black "Christiansen, Johan-Sebastian"]
[Result "1-0"]
[WhiteElo "2627"]
[BlackElo "2657"]
[PlyCount "63"]
[EventDate "2025.03.11"]

1. Nf3 c5 2. c4 Nc6 3. Nc3 g6 4. e3 Bg7 5. d4 b6 6. Be2 Nh6 ({RR} 6... Nf6 7. O-O cxd4 8. exd4 O-O 9. d5 Na5 10. Be3 Ba6 11. b3 Rc8 12. Rc1 e6 13. Bd4 Re8 14. Re1 Bh6 15. Rc2 Nh5 16. Ne4 d6 17. dxe6 Rxe6 18. Bf1 Bb7 {½-½ (18) Tkachiev,V (2634)-Bauer,C (2651) Nancy 2015}) ({RR} 6... cxd4 7. exd4 Nf6 8. d5 Na5 9. Be3 O-O 10. O-O Nb7 11. Nd4 e5 12. dxe6 dxe6 13. Bf3 e5 14. Ndb5 Qe7 15. Bg5 Be6 16. Nd5 Bxd5 17. Bxd5 a6 18. Nc3 Rac8 19. Qe2 Nd6 20. Rfe1 Rfe8 21. Rad1 {Kocharin,T (2323)-Ralison,M (2264) Villemomble FRA 2024 ½-½ (59)}) 7. O-O Nf5 $146 ({RR} 7... O-O 8. d5 Na5 9. Qc2 e6 10. e4 Ba6 11. b3 exd5 12. exd5 Nf5 13. Rb1 d6 14. Bd3 Nd4 15. Nxd4 Bxd4 16. Bf4 Qf6 17. Ne2 Be5 18. Bd2 Qh4 19. f4 Bg7 20. f5 Be5 21. Bf4 Bxf4 22. Rxf4 {Hampel,F (2131)-Ehlert,H (1936) Lehrte 2012 1-0 (33)}) 8. d5 Na5 9. e4 Nd6 10. Qa4 Ba6 11. Nd2 O-O 12. f4 Bd4+ 13. Kh1 e6 14. e5 Nf5 15. Nde4 Kh8 16. g4 Ne3 17. Bxe3 Bxe3 18. Rf3 Bd4 19. g5 h5 20. Nf6 d6 21. Rh3 Kg7 22. Bxh5 Rh8 23. dxe6 dxe5 24. Ncd5 fxe6 25. Qc2 gxh5 26. Nxh5+ Kf8 27. Qg6 Rg8 28. Qh6+ Kf7 29. Qh7+ Kf8 30. fxe5 Bxc4 31. Rf3+ Ke8 32. Qf7# 1-0

[Event "Titled Tue 11th Mar Early"]
[Site "chess.com INT"]
[Date "2025.03.11"]
[Round "9"]
[White "Firouzja, Alireza"]
[Black "Pranesh, M."]
[Result "1-0"]
[WhiteElo "2757"]
[BlackElo "2584"]
[PlyCount "89"]
[EventDate "2025.03.11"]

1. Nf3 Nc6 2. d4 e6 3. e4 d6 4. Bd3 ({RR} 4. c4 Nf6 5. Nc3 Be7 6. Be2 O-O 7. O-O Re8 8. Be3 Bf8 9. h3 h6 10. Rc1 a6 11. a3 d5 12. cxd5 exd5 13. e5 Ne4 14. Nd2 Nxc3 15. Rxc3 Ne7 16. f4 f5 17. Kh2 g6 18. Rg1 c6 {Smirnov,P (2635)-Mikhalchenko,P (2328) Tomsk 2013 0-1 (45)}) 4... Nf6 ({RR} 4... h6 5. c3 Bd7 6. O-O f5 7. d5 Nce7 8. dxe6 Bxe6 9. Nd4 Qd7 10. Nxe6 Qxe6 11. Qa4+ Qd7 12. Bb5 c6 {1-0 (12) Nduwayesu,M (1829)-Tumuheirwe,J Kigali 2022}) 5. O-O e5 $146 ({RR} 5... Nb4 6. c3 Nxd3 7. Qxd3 Be7 8. Re1 O-O 9. Nbd2 b6 10. Nf1 Bb7 11. Ng3 h6 12. h3 c5 13. Nh2 Rc8 14. Ng4 Nxg4 15. hxg4 Qc7 16. f4 cxd4 17. cxd4 Qc2 18. Qe3 Bh4 19. Re2 Qd1+ 20. Kh2 {Gimenez Samaniego,V-Riva,E (1639) Asuncion 2010 0-1 (59)}) 6. c3 Bg4 7. h3 Bxf3 8. Qxf3 exd4 9. Bb5 Nd7 10. Rd1 g6 11. cxd4 Bg7 12. Be3 O-O 13. Nc3 a6 14. Bc4 Nb6 15. Bb3 Na5 16. Bc2 Nbc4 17. Bc1 Nc6 18. Ne2 Qf6 19. Qc3 Nb6 20. Be3 Rfe8 21. Rac1 a5 22. Bd3 Nb4 23. Qxc7 Na4 24. Bb5 Re7 25. Qc8+ Rxc8 26. Rxc8+ Bf8 27. Bh6 Qg7 28. Bxg7 Kxg7 29. Bxa4 Rxe4 30. Nc3 Re7 31. a3 Na6 32. Nd5 Re2 33. Bb5 Rxb2 34. Bxa6 bxa6 35. Re1 Rb5 36. Nc7 Rb3 37. Ree8 Rb1+ 38. Kh2 d5 39. Rxf8 Ra1 40. Nxd5 Rxa3 41. Rg8+ Kh6 42. Rc7 Rd3 43. Rxf7 Rxd4 44. Ne3 a4 45. f4 1-0

[Event "Titled Tue 11th Mar Early"]
[Site "chess.com INT"]
[Date "2025.03.11"]
[Round "11"]
[White "Svane, R."]
[Black "Maksimovic, Bojan"]
[Result "1-0"]
[WhiteElo "2627"]
[BlackElo "2505"]
[PlyCount "111"]
[EventDate "2025.03.11"]

1. Nf3 Nf6 2. g3 g6 3. Bg2 Bg7 4. O-O O-O 5. d4 d6 6. Re1 Ne4 7. Nbd2 ({RR} 7. c3 c5 8. Nbd2 f5 9. d5 Nxd2 10. Bxd2 Nd7 11. e4 fxe4 12. Ng5 Ne5 13. Rxe4 Bf5 14. Ne6 Bxe6 15. dxe6 Nd3 16. Be3 Nxb2 17. Qc2 d5 18. Rh4 d4 19. Bh6 Bxh6 20. Rxh6 dxc3 21. Rxg6+ Kh8 {Aleksandrov,A (2642)-Sutovsky,E (2665) Baku 2010 ½-½ (57)}) 7... Nxd2 8. Bxd2 Nc6 9. Bc3 ({RR} 9. d5 Ne5 10. Nxe5 Bxe5 11. Qc1 Bd7 12. c4 c6 13. Bc3 Bxc3 14. Qxc3 Rc8 15. Qe3 a6 16. Rac1 c5 17. h4 f6 18. h5 g5 19. f4 h6 20. fxg5 hxg5 21. Be4 Rf7 22. h6 Qf8 23. Bg6 Qxh6 {Injac,T (2411)-Maksimovic,B (2488) chess.com INT 2024 0-1 (93)}) 9... Bf5 $146 ({RR} 9... e5 10. dxe5 dxe5 11. Qxd8 Rxd8 12. Rad1 Bf5 13. Rxd8+ Rxd8 14. e4 Be6 15. Ng5 Bc8 16. Bf1 h6 17. Nf3 Be6 18. b3 a6 19. Kg2 f6 20. Be2 Bf8 21. Rd1 Rxd1 22. Bxd1 Ba3 23. Be2 b5 24. h3 {Svane,R (2620)-Yakubboev,N (2630) chess.com INT 2023 0-1 (55)}) ({RR} 9... e5 10. dxe5 dxe5 11. Qxd8 Rxd8 12. Rad1 Bf5 13. Rxd8+ Rxd8 14. e4 Be6 15. Ng5 Bc8 16. Bf1 h6 17. Nf3 Be6 18. b3 a6 19. Kg2 f6 20. Be2 Bf8 21. Rd1 Rxd1 22. Bxd1 Ba3 23. Be2 b5 24. h3 {Svane,R (2620)-Yakubboev,N (2630) chess.com INT 2023 0-1 (55)}) 10. Qd2 Be4 11. Rad1 d5 12. Ng5 Bxg2 13. Kxg2 e6 14. Nf3 Qd7 15. Qd3 Rfd8 16. Bd2 Ne7 17. Bf4 Nf5 18. c4 c6 19. Ne5 Qe8 20. Qb3 Qe7 21. Nf3 Nd6 22. c5 Nf5 23. g4 Nxd4 24. Nxd4 Bxd4 25. Rxd4 e5 26. Qe3 Re8 27. Bxe5 Qxe5 28. Qxe5 Rxe5 29. e3 f5 30. h3 Rf8 31. f4 Re7 32. Kf3 Kg7 33. Red1 Kf6 34. g5+ Ke6 35. h4 h5 36. R1d3 Kd7 37. Ra3 a6 38. Rad3 Kc7 39. Ke2 Rfe8 40. Kd2 Re4 41. b4 a5 42. a3 axb4 43. axb4 Ra8 44. Rc3 Ra2+ 45. Kd3 Rh2 46. Rxe4 dxe4+ 47. Kd4 Rd2+ 48. Ke5 Rd3 49. Rc4 Rxe3 50. Kf6 Rf3 51. Kxg6 Rxf4 52. Kxh5 e3 53. Rc1 e2 54. Re1 Re4 55. g6 f4 56. g7 1-0

[Event "Titled Tue 11th Mar Late"]
[Site "chess.com INT"]
[Date "2025.03.11"]
[Round "5"]
[White "Theodorou, Nikolas"]
[Black "Sjugirov, S."]
[Result "1-0"]
[WhiteElo "2611"]
[BlackElo "2631"]
[PlyCount "73"]
[EventDate "2025.03.11"]

1. Nf3 d5 2. b3 c5 3. Bb2 f6 4. e4 ({RR} 4. Nc3 Nc6 5. d4 cxd4 6. Nxd4 e5 7. Nxc6 bxc6 8. e4 Be6 9. Bd3 Bd6 10. Qh5+ g6 11. Qf3 d4 12. Na4 Kf7 13. c3 c5 14. Qe2 Ne7 15. O-O Rc8 16. Ba6 Rc7 17. Rac1 Nc6 18. Ba3 Qe7 {Nakamura,H (2792)-Caruana,F (2807) Saint Louis 2017 ½-½ (92)}) 4... dxe4 5. Nh4 g6 ({RR} 5... Nh6 6. Nc3 Nc6 7. Nxe4 e6 8. Bb5 Be7 9. Bxc6+ bxc6 10. f4 O-O 11. O-O Nf7 12. Nf3 c4 13. bxc4 c5 14. Qe2 Rb8 15. Bc3 Qc7 16. Rae1 Bd7 17. Ng3 Rfe8 18. Nh5 Bd6 19. Qd3 Be7 20. Nxg7 {Theodorou,N (2612)-Bocharov,D (2535) chess.com INT 2025 1-0}) 6. Nc3 Bg7 $146 ({RR} 6... e5 7. Bb5+ Bd7 8. Bxd7+ Nxd7 9. Nxe4 Nh6 10. Nf3 Nf7 11. Qe2 Bg7 12. h4 Qe7 13. O-O-O O-O-O 14. Kb1 Rhe8 15. Nc3 f5 16. Ng5 h6 17. Nd5 Qf8 18. Nxf7 Qxf7 19. Qc4 Kb8 20. h5 g5 21. Ne3 {Travadon,L (2424)-Alekseenko,K (2696) Chess.com INT 2020 1-0 (71)}) ({RR} 6... Qd4 7. Bb5+ Nc6 8. Qe2 e3 9. Nf3 exf2+ 10. Kd1 Qf4 11. Qxf2 Bg4 12. Nd5 Bxf3+ 13. Qxf3 Qxf3+ 14. gxf3 O-O-O 15. Bxc6 bxc6 16. Ne3 e5 17. Nc4 Ne7 18. f4 exf4 19. Bxf6 Rg8 20. Re1 Bg7 21. Bxe7 {Elgersma,O (2276)-Samunenkov,I (2501) chess.com INT 2023 0-1 (31)}) 7. Nxe4 Qb6 8. Bc4 Be6 9. Bxe6 Qxe6 10. Qe2 Qc6 11. O-O-O Nd7 12. d4 cxd4 13. Rxd4 Nh6 14. Rhd1 Ne5 15. f4 Nef7 16. Nd6+ Kf8 17. Nxf7 Nxf7 18. Nf3 f5 19. Rd7 Bxb2+ 20. Kxb2 Qf6+ 21. Kb1 Re8 22. Rxb7 Nd6 23. Rc7 Ne4 24. Ne5 Kg7 25. Kb2 Rc8 26. Rdd7 Rxc7 27. Rxc7 a5 28. a4 Rd8 29. g3 Rd2 30. Qb5 Qd6 31. Qxa5 Rd1 32. Rc4 Nd2 33. Qc3 Rb1+ 34. Ka2 Nxc4 35. Nxc4+ Qf6 36. Qxf6+ Kxf6 37. Kxb1 1-0

[Event "Titled Tue 11th Mar Late"]
[Site "chess.com INT"]
[Date "2025.03.11"]
[Round "8"]
[White "Theodorou, Nikolas"]
[Black "Korobov, A."]
[Result "1-0"]
[WhiteElo "2611"]
[BlackElo "2634"]
[PlyCount "53"]
[EventDate "2025.03.11"]

1. Nf3 Nf6 2. b3 d5 3. Bb2 Bg4 4. e3 Nbd7 5. h3 Bh5 6. d3 h6 ({RR} 6... a5 7. g4 Bg6 8. Nh4 a4 9. Nd2 a3 10. Bc1 e5 11. c3 Bd6 12. Nxg6 hxg6 13. Bg2 c6 14. b4 Qb6 15. Qb3 Qa6 16. c4 Qa4 17. g5 Nh7 18. cxd5 Bxb4 19. Qxa4 Rxa4 20. dxc6 bxc6 21. h4 {Nakamura,H (2760)-Bluebaum,M (2673) Chess.com INT 2022 1-0 (61)}) 7. Nbd2 e6 8. g3 ({RR} 8. a3 c6 9. e4 Qc7 10. e5 {½-½ (10) Mkrtchian,L (2388)-Jarocka,L (2231) Rhodes GRE 2025}) 8... Bd6 $146 ({RR} 8... c6 9. Bg2 Be7 10. O-O O-O 11. e4 Nh7 12. Qe1 dxe4 13. dxe4 Bb4 14. a3 Bxf3 15. axb4 Bxg2 16. Kxg2 Qe7 17. Nc4 Nb6 18. Bd4 Nxc4 19. Bc5 Nd6 20. e5 Qg5 21. Bxd6 Rfd8 22. c4 Qf5 23. h4 {Vassallo Barroche,M (2431)-Sanchez Guirado,F (2385) Mislata 2000 1-0 (46)}) 9. Bg2 Qe7 10. a3 a5 11. O-O c6 12. Qe2 O-O 13. e4 dxe4 14. dxe4 e5 15. Qe1 Rfd8 16. Nh4 Bc5 17. Nc4 a4 18. b4 Ba7 19. Kh2 b5 20. Ne3 Rac8 21. f4 exf4 22. Nef5 Qf8 23. gxf4 c5 24. e5 Ne8 25. e6 fxe6 26. Qxe6+ Kh7 27. Nxg7 1-0